[Event "Titled Tuesday intern op 16th Apr Late"]
[Site "Chess.com INT"]
[Date "2024.04.16"]
[Round "11"]
[White "Hilkevich, Zahar"]
[Black "Pesotskiy, Mikhail"]
[Result "1-0"]
[WhiteElo "2022"]
[BlackElo "2137"]
[PlyCount "89"]
[EventDate "2024.04.16"]
[EventType "swiss (blitz)"]
[EventRounds "11"]
[EventCountry "USA"]
[SourceTitle "CB17_2024"]
[SourceDate "2024.04.24"]
[SourceVersion "1"]
[SourceVersionDate "2024.04.24"]
[SourceQuality "1"]

1. d4 Nf6 2. c4 e6 3. Nc3 Bb4 4. e3 b6 5. Nge2 Bb7 6. a3 Bd6 7. Ng3 0-0 8. b4 Qe7 9. c5 Bxg3 10. hxg3 e5 11. dxe5 Qxe5 12. Qd4 Re8 13. Qxe5 Rxe5 14. Bb2 Re7 15. Nb5 Na6 16. Bxf6 gxf6 17. Rc1 bxc5 18. bxc5 Re5 19. Rh4 Rxc5 20. Rxc5 Nxc5 21. Nxc7 Rc8 22. Nb5 Nb3 23. Rc4 Rxc4 24. Bxc4 Na5 25. Bf1 a6 26. Nd6 Bc6 27. Bxa6 Bxg2 28. e4 Kf8 29. Ke2 Nb3 30. Bc4 Nc5 31. f3 Ne6 32. Kf2 Bh3 33. g4 h5 34. Kg3 hxg4 35. fxg4 Ng5 36. a4 Ke7 37. Nf5+ Kd8 38. a5 Kc7 39. a6 Kb6 40. Nd6 Bxg4 41. Kxg4 Nxe4 42. Nxe4 d5 43. Be2 dxe4 44. Kf4 f5 45. Kxf5 1-0

[Event "Titled Tuesday intern op 16th Apr Late"]
[Site "Chess.com INT"]
[Date "2024.04.16"]
[Round "4"]
[White "Pesotskiy, Mikhail"]
[Black "Manolache, Marius"]
[Result "1-0"]
[WhiteElo "2137"]
[BlackElo "2388"]
[PlyCount "103"]
[EventDate "2024.04.16"]
[EventType "swiss (blitz)"]
[EventRounds "11"]
[EventCountry "USA"]
[SourceTitle "CB17_2024"]
[SourceDate "2024.04.24"]
[SourceVersion "1"]
[SourceVersionDate "2024.04.24"]
[SourceQuality "1"]

1. d4 Nf6 2. c4 c5 3. d5 b5 4. cxb5 a6 5. bxa6 Bxa6 6. Nc3 d6 7. Nf3 g6 8. e4 Bxf1 9. Kxf1 Qc8 10. g3 Qh3+ 11. Kg1 Bg7 12. Ng5 Qc8 13. Kg2 0-0 14. h4 h6 15. Nf3 Nbd7 16. Bf4 Nh5 17. Be3 Qa6 18. Qd2 Kh7 19. g4 Nhf6 20. g5 Nh5 21. gxh6 Bf6 22. Ng5+ Kh8 23. f4 Qc4 24. Kf3 Kg8 25. Rac1 Qb4 26. b3 Bd4 27. Rc2 Ndf6 28. Bxd4 cxd4 29. Ne2 Qxd2 30. Rxd2 d3 31. Nc1 Nh7 32. Nxd3 Rfc8 33. Rc1 Nf8 34. Rdc2 Rxc2 35. Rxc2 Nf6 36. a4 N6d7 37. Ra2 Nb6 38. a5 Nfd7 39. Nb4 Nc8 40. Nc6 e5 41. b4 exf4 42. Kxf4 Ne5 43. Nxe5 dxe5+ 44. Kxe5 Ra6 45. b5 f6+ 46. Kd4 Ra8 47. Ne6 Kf7 48. a6 Nd6 49. b6 Nb5+ 50. Kc5 Nc3 51. b7 Nxe4+ 52. Kb6 1-0

[Event "Titled Tuesday intern op 16th Apr Late"]
[Site "Chess.com INT"]
[Date "2024.04.16"]
[Round "1"]
[White "Pesotskiy, Mikhail"]
[Black "Naroditsky, Daniel"]
[Result "0-1"]
[WhiteElo "2137"]
[BlackElo "2619"]
[PlyCount "98"]
[EventDate "2024.04.16"]
[EventType "swiss (blitz)"]
[EventRounds "11"]
[EventCountry "USA"]
[SourceTitle "CB17_2024"]
[SourceDate "2024.04.24"]
[SourceVersion "1"]
[SourceVersionDate "2024.04.24"]
[SourceQuality "1"]

1. d4 Nf6 2. c4 g6 3. Nc3 Bg7 4. e4 d6 5. f3 0-0 6. Be3 c5 7. dxc5 dxc5 8. Qxd8 Rxd8 9. Bxc5 Nc6 10. Nge2 Nd7 11. Be3 Nde5 12. Nf4 Nb4 13. Rc1 g5 14. Nfd5 Nbd3+ 15. Bxd3 Nxd3+ 16. Ke2 Nxc1+ 17. Rxc1 Rd7 18. Bxg5 Kf8 19. b3 b6 20. Rd1 e6 21. Nf6 Rxd1 22. Kxd1 h6 23. Bh4 Bb7 24. Nd7+ Ke8 25. Nf6+ Kf8 26. Nd7+ Kg8 27. Kc2 Bc6 28. Nf6+ Kh8 29. Nh5 Be5 30. Bf6+ Bxf6 31. Nxf6 Rd8 32. Ng4 Kg7 33. Ne3 h5 34. Ne2 Kh6 35. Nf4 a6 36. Nd3 f6 37. Nf4 Re8 38. Kc3 Bd7 39. Nc2 h4 40. Ne3 f5 41. exf5 exf5 42. Kd4 Bc6 43. Nxf5+ Kg5 44. Nd6 Re1 45. Nd3 Re2 46. g3 h3 47. Ne5 Rxh2 48. Nxc6 Rd2+ 49. Ke3 Rxd6 0-1

[Event "Titled Tuesday intern op 16th Apr Late"]
[Site "Chess.com INT"]
[Date "2024.04.16"]
[Round "10"]
[White "Pesotskiy, Mikhail"]
[Black "Rozman, Levy"]
[Result "0-1"]
[WhiteElo "2137"]
[BlackElo "2322"]
[PlyCount "52"]
[EventDate "2024.04.16"]
[EventType "swiss (blitz)"]
[EventRounds "11"]
[EventCountry "USA"]
[SourceTitle "CB17_2024"]
[SourceDate "2024.04.24"]
[SourceVersion "1"]
[SourceVersionDate "2024.04.24"]
[SourceQuality "1"]

1. d4 d5 2. c4 dxc4 3. e3 Nf6 4. Bxc4 e6 5. Nf3 c5 6. 0-0 cxd4 7. Nxd4 a6 8. a4 Be7 9. Nc3 0-0 10. b3 Bd7 11. Bb2 Nc6 12. Nxc6 Bxc6 13. Qe2 Qa5 14. Rfd1 Qg5 15. f3 Bc5 16. Re1 Rad8 17. Rad1 Nh5 18. Rxd8 Rxd8 19. Ne4 Bxe4 20. fxe4 Nf4 21. Qc2 Nh3+ 22. Kh1 Bxe3 23. Qc3 Nf2+ 24. Kg1 Nd1+ 25. Rxe3 Nxc3 26. Rxc3 Qd2 0-1

[Event "Titled Tuesday intern op 16th Apr Late"]
[Site "Chess.com INT"]
[Date "2024.04.16"]
[Round "2"]
[White "Rosenberg, Evan"]
[Black "Pesotskiy, Mikhail"]
[Result "0-1"]
[WhiteElo "1989"]
[BlackElo "2137"]
[PlyCount "60"]
[EventDate "2024.04.16"]
[EventType "swiss (blitz)"]
[EventRounds "11"]
[EventCountry "USA"]
[SourceTitle "CB17_2024"]
[SourceDate "2024.04.24"]
[SourceVersion "1"]
[SourceVersionDate "2024.04.24"]
[SourceQuality "1"]

1. d4 Nf6 2. Nf3 e6 3. g3 b6 4. Bg2 Bb7 5. 0-0 Be7 6. c4 0-0 7. Nc3 Ne4 8. Nxe4 Bxe4 9. Ne1 Bxg2 10. Nxg2 d6 11. b3 Nd7 12. d5 Bf6 13. Rb1 e5 14. e4 Nc5 15. f3 a5 16. Ne1 Bg5 17. Nd3 Bxc1 18. Rxc1 f5 19. Nxc5 bxc5 20. Qd3 f4 21. Kh1 fxg3 22. hxg3 Qg5 23. Kg2 Rf6 24. Rc2 Raf8 25. Qd2 Qh5 26. Rc3 Rh6 27. Kf2 Qh2+ 28. Ke3 Qxg3 29. Qf2 Qf4+ 30. Kd3 Rh3 0-1

[Event "Titled Tuesday intern op 13th Feb Late"]
[Site "Chess.com INT"]
[Date "2024.02.13"]
[Round "5"]
[White "Pesotskiy, Mikhail"]
[Black "Herman, Daniel"]
[Result "1/2-1/2"]
[WhiteElo "2136"]
[BlackElo "1927"]
[PlyCount "86"]
[EventDate "2024.02.13"]
[EventType "swiss (blitz)"]
[EventRounds "11"]
[EventCountry "USA"]
[SourceTitle "CB08_2024"]
[SourceDate "2024.02.21"]
[SourceVersion "1"]
[SourceVersionDate "2024.02.21"]
[SourceQuality "1"]

1. d4 Nf6 2. c4 e6 3. Nc3 Bb4 4. Qc2 d5 5. a3 Bxc3+ 6. Qxc3 c5 7. dxc5 d4 8. Qc2 a5 9. Nf3 Nc6 10. Bg5 Qe7 11. e3 Qxc5 12. Be2 dxe3 13. Bxe3 Qe7 14. b3 0-0 15. 0-0 e5 16. Qb2 Bg4 17. b4 axb4 18. axb4 e4 19. Bc5 Qc7 20. Nd4 Nxd4 21. Bxd4 Bxe2 22. Qxe2 Rxa1 23. Rxa1 Re8 24. Re1 Qf4 25. g3 Qf5 26. Qe3 Ng4 27. Qc3 Qh5 28. h4 Qg6 29. f3 Nf6 30. Kf2 h5 31. Bxf6 gxf6 32. fxe4 Rxe4 33. Rxe4 Qxe4 34. c5 Qf5+ 35. Ke2 Qe4+ 36. Kd2 Qd5+ 37. Kc2 Qa2+ 38. Kc1 Qe2 39. Qxf6 Qc4+ 40. Kd1 Qd3+ 41. Kc1 Qc4+ 42. Kd1 Qd3+ 43. Kc1 Qc4+ 1/2-1/2

[Event "Titled Tuesday intern op 06th Feb Late"]
[Site "Chess.com INT"]
[Date "2024.02.06"]
[Round "3"]
[White "Garrido, Denis"]
[Black "Pesotskiy, Mikhail"]
[Result "0-1"]
[WhiteElo "2230"]
[BlackElo "2136"]
[PlyCount "110"]
[EventDate "2024.02.06"]
[EventType "swiss (blitz)"]
[EventRounds "11"]
[EventCountry "USA"]
[SourceTitle "CB07_2024"]
[SourceDate "2024.02.14"]
[SourceVersion "1"]
[SourceVersionDate "2024.02.14"]
[SourceQuality "1"]

1. d4 e6 2. Bf4 Nf6 3. Nf3 c5 4. e3 Nc6 5. Nc3 cxd4 6. exd4 Be7 7. Nb5 d6 8. c4 0-0 9. Be2 Nh5 10. Be3 d5 11. cxd5 exd5 12. Ne5 Nf6 13. Nxc6 bxc6 14. Nc3 Qb6 15. Qc2 Rb8 16. b3 c5 17. Na4 Qb4+ 18. Bd2 Qxd4 19. 0-0 Be6 20. Be3 Qh4 21. Nxc5 Rfc8 22. a3 d4 23. g3 Qh3 24. Bxd4 Bd5 25. f3 Bxc5 26. Bxc5 Ng4 27. Rf2 Nxf2 28. Bf1 Qh5 29. Qxf2 Qxf3 30. Qxf3 Bxf3 31. b4 Ra8 32. Ba6 Re8 33. Rf1 Be2 34. Bxe2 Rxe2 35. Rd1 Ra2 36. Rd3 h6 37. b5 Rb2 38. Bb4 Rb8 39. Rd7 Rxb5 40. Rxa7 Rd5 41. Re7 Rd1+ 42. Re1 Rxe1+ 43. Bxe1 Ra2 44. Bb4 g5 45. h3 f5 46. Kf1 Kf7 47. Kg1 h5 48. Kh1 Ke6 49. Kg1 f4 50. gxf4 gxf4 51. Kh1 Kd5 52. Kg1 Ke4 53. Kf1 Kf3 54. Kg1 Kg3 55. Be1+ Kxh3 0-1

[Event "Titled Tuesday intern op 06th Feb Late"]
[Site "Chess.com INT"]
[Date "2024.02.06"]
[Round "8"]
[White "Mullodzhanov, Nathaniel"]
[Black "Pesotskiy, Mikhail"]
[Result "0-1"]
[WhiteElo "1878"]
[BlackElo "2136"]
[PlyCount "124"]
[EventDate "2024.02.06"]
[EventType "swiss (blitz)"]
[EventRounds "11"]
[EventCountry "USA"]
[SourceTitle "CB07_2024"]
[SourceDate "2024.02.14"]
[SourceVersion "1"]
[SourceVersionDate "2024.02.14"]
[SourceQuality "1"]

1. e4 e6 2. d4 d5 3. Nd2 Nf6 4. e5 Nfd7 5. Bd3 c5 6. c3 Nc6 7. Ne2 cxd4 8. cxd4 f6 9. exf6 Qxf6 10. Nf3 h6 11. 0-0 Bd6 12. Bc2 0-0 13. Qd3 Rd8 14. Ng3 Nf8 15. Bd2 Bd7 16. Rae1 Be8 17. Ne5 Bxe5 18. dxe5 Qh4 19. f4 Rac8 20. Bb3 Bg6 21. f5 exf5 22. Bxd5+ Kh8 23. Rf4 Qe7 24. Nf1 Qc5+ 25. Ne3 Ne7 26. Rc1 Rxd5 27. Qxd5 Nxd5 28. Rxc5 Rxc5 29. Nxf5 Ne6 30. Rf3 Rc2 31. Be1 Bxf5 32. Rxf5 Rxg2+ 33. Kxg2 Ne3+ 34. Kf3 Nxf5 35. Ke4 Ne7 36. Bh4 g5 37. Be1 Kg7 38. Bb4 Kf7 39. b3 Nd8 40. Bc3 Ke6 41. a4 Nec6 42. b4 Nf7 43. b5 Ncxe5 44. Bd4 Nd6+ 45. Ke3 b6 46. Bb2 Ndc4+ 47. Kd4 Nxb2 48. a5 bxa5 49. Kc5 a4 50. Kb4 Kd5 51. h4 gxh4 52. Ka3 Kc5 53. Ka2 Kxb5 54. Kxb2 h3 55. Kc3 Kc5 56. Kb2 h2 57. Kc2 h1Q 58. Kc3 Qf3+ 59. Kd2 Kc4 60. Kc2 Qf2+ 61. Kb1 Kb3 62. Kc1 Qc2# 0-1

[Event "Titled Tuesday intern op 06th Feb Late"]
[Site "Chess.com INT"]
[Date "2024.02.06"]
[Round "9"]
[White "Pesotskiy, Mikhail"]
[Black "Buchenau, Frank"]
[Result "1-0"]
[WhiteElo "2136"]
[BlackElo "2175"]
[PlyCount "87"]
[EventDate "2024.02.06"]
[EventType "swiss (blitz)"]
[EventRounds "11"]
[EventCountry "USA"]
[SourceTitle "CB07_2024"]
[SourceDate "2024.02.14"]
[SourceVersion "1"]
[SourceVersionDate "2024.02.14"]
[SourceQuality "1"]

1. d4 e6 2. c4 Nf6 3. Nc3 Bb4 4. Qc2 c5 5. dxc5 0-0 6. a3 Bxc5 7. Nf3 b6 8. Bg5 h6 9. Bh4 Be7 10. e3 Bb7 11. Be2 d6 12. 0-0 Nbd7 13. Rfd1 a6 14. Rac1 Rc8 15. Nd4 Ne5 16. b3 Qc7 17. Qb2 Rfd8 18. f3 Qb8 19. e4 Ng6 20. Bf2 Nf4 21. Bf1 d5 22. e5 Qxe5 23. cxd5 N6xd5 24. Ne4 Nf6 25. Rxc8 Rxc8 26. Nxf6+ Bxf6 27. Qb1 Rd8 28. g3 Nd5 29. Re1 Qd6 30. Rc1 Qxa3 31. Ne2 Nb4 32. Bxb6 Rb8 33. f4 Nd5 34. Ba7 Ra8 35. Bf2 Qb4 36. Rc4 Qe7 37. Nd4 Rd8 38. Nc6 Bxc6 39. Rxc6 Nb4 40. Rb6 a5 41. Qe4 Qd7 42. Rb5 Nc6 43. Rc5 Rc8 44. Bb5 1-0

[Event "Titled Tuesday intern op 06th Feb Late"]
[Site "Chess.com INT"]
[Date "2024.02.06"]
[Round "7"]
[White "Pesotskiy, Mikhail"]
[Black "Mizzi, Jack"]
[Result "1/2-1/2"]
[WhiteElo "2136"]
[BlackElo "2043"]
[PlyCount "142"]
[EventDate "2024.02.06"]
[EventType "swiss (blitz)"]
[EventRounds "11"]
[EventCountry "USA"]
[SourceTitle "CB07_2024"]
[SourceDate "2024.02.14"]
[SourceVersion "1"]
[SourceVersionDate "2024.02.14"]
[SourceQuality "1"]

1. d4 Nf6 2. c4 e6 3. Nc3 Bb4 4. Qc2 Bxc3+ 5. Qxc3 b6 6. Bg5 Bb7 7. f3 d5 8. e3 dxc4 9. Bxc4 Nbd7 10. Ne2 h6 11. Bh4 0-0 12. 0-0 c5 13. Rfd1 Qe7 14. Rac1 cxd4 15. Nxd4 Rac8 16. Qe1 Ne5 17. Be2 Ng6 18. Bf2 Rfd8 19. Bb5 a6 20. Bc6 Ne5 21. Bxb7 Qxb7 22. Qe2 b5 23. Bh4 g5 24. Bg3 Ng6 25. Nb3 Rxc1 26. Rxc1 Rc8 27. Qd2 Rxc1+ 28. Qxc1 g4 29. Nc5 Qc6 30. e4 gxf3 31. gxf3 Nh5 32. b4 Nxg3 33. hxg3 Qd6 34. Kg2 Kh7 35. Qc2 h5 36. f4 Qd4 37. e5 h4 38. Ne4 hxg3 39. Nf6+ Kg7 40. Kxg3 Qxf4+ 41. Kg2 Qxe5 42. Ne8+ Kf8 43. Qc8 Qe4+ 44. Kg3 Qf4+ 45. Kg2 Nh4+ 46. Kh3 Ke7 47. Qc7+ Qxc7 48. Nxc7 Nf5 49. Nxa6 Kd6 50. Kg4 Ne3+ 51. Kg5 Nd5 52. a3 f5 53. Nc5 Nc3 54. Kf4 Kd5 55. Na6 Nb1 56. Nc7+ Kd6 57. Nxb5+ Kc6 58. Nd4+ Kd5 59. Nc2 Nc3 60. Ne3+ Kd6 61. Nxf5+ exf5 62. Kxf5 Kc6 63. Ke5 Kb5 64. Kd4 Nb1 65. Kd3 Nxa3 66. Kc3 Nc4 67. Kb3 Nd6 68. Kc3 Nf7 69. Kb3 Nd8 70. Kc3 Nc6 71. Kb3 Nxb4 1/2-1/2

[Event "Titled Tuesday intern op 06th Feb Early"]
[Site "Chess.com INT"]
[Date "2024.02.06"]
[Round "4"]
[White "Sargissyan, Sargis"]
[Black "Pesotskiy, Mikhail"]
[Result "1-0"]
[WhiteElo "2275"]
[BlackElo "2136"]
[PlyCount "147"]
[EventDate "2024.02.06"]
[EventType "swiss (blitz)"]
[EventRounds "11"]
[EventCountry "USA"]
[SourceTitle "CB07_2024"]
[SourceDate "2024.02.14"]
[SourceVersion "1"]
[SourceVersionDate "2024.02.14"]
[SourceQuality "1"]

1. e4 e6 2. d4 d5 3. Nc3 Bb4 4. e5 c5 5. a3 Ba5 6. b4 cxd4 7. Qg4 Kf8 8. bxa5 dxc3 9. Bd3 Ne7 10. Nf3 Qxa5 11. h4 Nd7 12. h5 h6 13. a4 Nc5 14. Ba3 Qc7 15. 0-0 Bd7 16. Bxc5 Qxc5 17. Rfb1 b6 18. Nd4 Qc8 19. Nb5 Bxb5 20. axb5 Nf5 21. Ra4 Rg8 22. Rba1 Qd7 23. Qb4+ Qe7 24. Qxc3 g6 25. Qc6 Kg7 26. hxg6 fxg6 27. Bxf5 gxf5 28. Qd6 Rge8 29. R1a3 Kg6 30. Rg3+ Kh7 31. Rc3 Qxd6 32. exd6 Red8 33. Rc7+ Kg6 34. d7 Kf6 35. Raxa7 Rxa7 36. Rxa7 Ke7 37. Rb7 Rxd7 38. Rxb6 Rc7 39. g3 Rxc2 40. Rb7+ Kf6 41. Rh7 Rb2 42. Rxh6+ Ke5 43. f4+ Kd6 44. Kf1 Rxb5 45. Kf2 Rb2+ 46. Kf3 Rb3+ 47. Kf2 Rb4 48. Rg6 Re4 49. Rh6 Kc5 50. Rh8 Rc4 51. Re8 Kd6 52. Kf3 Rc3+ 53. Kf2 Kd7 54. Ra8 Ke7 55. Ra6 Kf6 56. Rb6 Rc2+ 57. Kf3 Rc3+ 58. Kf2 Ra3 59. Kg2 Ra7 60. Kf2 Rg7 61. Ra6 Rd7 62. Rb6 Ke7 63. Ra6 Rd6 64. Ra7+ Kf6 65. Kf3 d4 66. Ke2 d3+ 67. Kd2 e5 68. fxe5+ Kxe5 69. Ra4 Rd4 70. Ra8 Ke4 71. Rf8 Rd5 72. Re8+ Kf3 73. Rg8 Rd4 74. Rg5 1-0

[Event "Titled Tuesday intern op 09th Jan Early"]
[Site "Chess.com INT"]
[Date "2024.01.09"]
[Round "11"]
[White "Csonka, Balazs"]
[Black "Pesotskiy, Mikhail"]
[Result "1-0"]
[WhiteElo "2479"]
[BlackElo "2143"]
[PlyCount "37"]
[EventDate "2024.01.09"]
[EventType "swiss (blitz)"]
[EventRounds "11"]
[EventCountry "USA"]
[SourceTitle "CB03_2024"]
[SourceDate "2024.01.17"]
[SourceVersion "1"]
[SourceVersionDate "2024.01.17"]
[SourceQuality "1"]

1. d4 Nf6 2. Bf4 c5 3. e3 Nd5 4. Bg3 Qb6 5. b3 cxd4 6. exd4 d6 7. Bc4 Nf6 8. Nf3 g6 9. 0-0 Bg7 10. Re1 Nc6 11. Bxd6 0-0 12. Bxe7 Nxe7 13. Rxe7 Bg4 14. c3 Rae8 15. Rxe8 Rxe8 16. Nbd2 Qc6 17. Qf1 a6 18. Ne5 Qc7 19. Bxf7+ 1-0

[Event "Titled Tuesday intern op 09th Jan Early"]
[Site "Chess.com INT"]
[Date "2024.01.09"]
[Round "9"]
[White "Pesotskiy, Mikhail"]
[Black "Nord, Alexander"]
[Result "1-0"]
[WhiteElo "2143"]
[BlackElo "2209"]
[PlyCount "103"]
[EventDate "2024.01.09"]
[EventType "swiss (blitz)"]
[EventRounds "11"]
[EventCountry "USA"]
[SourceTitle "CB03_2024"]
[SourceDate "2024.01.17"]
[SourceVersion "1"]
[SourceVersionDate "2024.01.17"]
[SourceQuality "1"]

1. d4 Nf6 2. c4 e6 3. Nc3 Bb4 4. Qc2 0-0 5. a3 Bxc3+ 6. Qxc3 d5 7. Bg5 c5 8. dxc5 d4 9. Qc2 e5 10. e3 Re8 11. Nf3 h6 12. Bxf6 Qxf6 13. Be2 Qe7 14. b4 d3 15. Bxd3 e4 16. Bxe4 Qxe4 17. Qxe4 Rxe4 18. 0-0 Nc6 19. Nd2 Re8 20. Rfd1 Be6 21. Kf1 Red8 22. Ke2 Rd7 23. Rac1 Rad8 24. f4 Bf5 25. e4 Bg4+ 26. Nf3 Nd4+ 27. Ke3 Nc2+ 28. Ke2 Rxd1 29. Rxd1 Rxd1 30. Kxd1 Ne3+ 31. Ke2 Nxc4 32. a4 Kf8 33. a5 a6 34. Kd3 Bxf3 35. gxf3 Na3 36. f5 Ke7 37. e5 Kd7 38. f4 Nb5 39. Kc4 Nc7 40. h4 h5 41. Kd4 Kc6 42. Ke4 Kb5 43. e6 fxe6 44. fxe6 Nxe6 45. Kf5 Nf8 46. Kg5 g6 47. Kf6 Kxb4 48. Kf7 Nd7 49. Kxg6 Kxc5 50. Kxh5 b5 51. axb6 Nxb6 52. Kg6 1-0

[Event "Titled Tuesday intern op 19th Dec Early"]
[Site "Chess.com INT"]
[Date "2023.12.19"]
[Round "3"]
[White "Pesotskiy, Mikhail"]
[Black "Tari, Aryan"]
[Result "0-1"]
[WhiteElo "2143"]
[BlackElo "2623"]
[PlyCount "90"]
[EventDate "2023.12.19"]
[EventType "swiss (blitz)"]
[EventRounds "11"]
[EventCountry "USA"]
[SourceTitle "CB52_2023"]
[SourceDate "2023.12.27"]
[SourceVersion "1"]
[SourceVersionDate "2023.12.27"]
[SourceQuality "1"]

1. d4 Nf6 2. c4 e6 3. Nc3 Bb4 4. Qc2 b6 5. a3 Bxc3+ 6. Qxc3 Bb7 7. f3 d5 8. e3 Nbd7 9. cxd5 exd5 10. Bd3 c5 11. Ne2 Rc8 12. 0-0 0-0 13. Bd2 Re8 14. Rac1 a6 15. Bb1 b5 16. Ng3 Qb6 17. dxc5 Nxc5 18. Qd4 Na4 19. Qxb6 Nxb6 20. b3 g6 21. Rxc8 Bxc8 22. Rc1 Be6 23. Bc3 Nfd7 24. Bd4 Rc8 25. Rxc8+ Nxc8 26. Ne2 Nb8 27. Kf2 Nc6 28. Bc3 N8e7 29. Nd4 Kf8 30. Nxc6 Nxc6 31. Bd4 Ke8 32. Bc5 d4 33. exd4 Bxb3 34. Be4 Nd8 35. Ke3 Kd7 36. d5 f5 37. Bd3 Bxd5 38. Kd4 Bb3 39. Ke5 Ne6 40. Be3 Nc7 41. f4 Nd5 42. Bd2 Kc6 43. Bb4 Bc4 44. Bc2 Ne3 45. Bb1 Nxg2 0-1

[Event "Titled Tuesday intern op 24th Oct Late"]
[Site "Chess.com INT"]
[Date "2023.10.24"]
[Round "4"]
[White "Pesotskiy, Mikhail"]
[Black "Mirza, Diana"]
[Result "1-0"]
[WhiteElo "2143"]
[BlackElo "1913"]
[PlyCount "99"]
[EventDate "2023.10.24"]
[EventType "swiss (blitz)"]
[EventRounds "11"]
[EventCountry "USA"]
[SourceTitle "Mega2024 Update 01"]
[Source "Chessbase"]
[SourceDate "2023.11.12"]
[SourceVersion "1"]
[SourceVersionDate "2023.11.12"]
[SourceQuality "1"]

1. c4 c5 2. g3 Nc6 3. Bg2 g6 4. Nf3 Bg7 5. 0-0 e6 6. e3 Nge7 7. d4 0-0 8. Nc3 cxd4 9. Nxd4 a6 10. Nde2 Qc7 11. b3 Rb8 12. Bb2 b5 13. c5 b4 14. Na4 Bxb2 15. Nxb2 Bb7 16. Rc1 a5 17. Nc4 Nf5 18. e4 Ng7 19. f4 e5 20. Nd6 Ba6 21. f5 f6 22. Rf2 Nd8 23. g4 Nc6 24. Qd5+ Kh8 25. Nf7+ Rxf7 26. Qxf7 g5 27. Bf1 Qd8 28. Rd1 Bxe2 29. Rxd7 Qf8 30. Bxe2 Nd4 31. Qxf8+ Rxf8 32. Bc4 h5 33. h3 h4 34. Ra7 Nc6 35. Ra6 Rc8 36. Kg2 Ne8 37. Bb5 Nd4 38. Bxe8 Rxe8 39. Rxa5 Rc8 40. Rd2 Kg8 41. Kf2 Kf7 42. Ra7+ Ke8 43. Ra5 Kd7 44. Ke3 Kc6 45. Rxd4 exd4+ 46. Kxd4 Rd8+ 47. Kc4 Rd2 48. Ra6+ Kb7 49. Rxf6 Rxa2 50. Rg6 1-0

[Event "Titled Tuesday intern op 24th Oct Late"]
[Site "Chess.com INT"]
[Date "2023.10.24"]
[Round "7"]
[White "Pesotskiy, Mikhail"]
[Black "Morales Garcia, Sergio Joshafatt"]
[Result "1-0"]
[WhiteElo "2143"]
[BlackElo "2204"]
[PlyCount "89"]
[EventDate "2023.10.24"]
[EventType "swiss (blitz)"]
[EventRounds "11"]
[EventCountry "USA"]
[SourceTitle "Mega2024 Update 01"]
[Source "Chessbase"]
[SourceDate "2023.11.12"]
[SourceVersion "1"]
[SourceVersionDate "2023.11.12"]
[SourceQuality "1"]

1. d4 d5 2. c4 c6 3. Nf3 Nf6 4. e3 Bf5 5. Nc3 e6 6. Nh4 Bg6 7. Qb3 Qc7 8. Bd2 Be7 9. Rc1 a6 10. h3 0-0 11. Nxg6 hxg6 12. cxd5 exd5 13. Nxd5 Nxd5 14. Qxd5 Qb6 15. Qb3 Qxb3 16. axb3 Nd7 17. Be2 Nf6 18. 0-0 Rfe8 19. Bf3 Bd6 20. Rc4 Ne4 21. Ba5 Re7 22. Rfc1 Rae8 23. Bb4 Bxb4 24. Rxb4 Nd2 25. Be2 Rd8 26. Bd3 f5 27. Rc2 Ne4 28. Bxe4 fxe4 29. Rc5 Kf7 30. Rbc4 Rd6 31. Rg5 Kf6 32. h4 Kf7 33. Rcc5 Rf6 34. Rce5 Rd7 35. Rxe4 Kg8 36. Ree5 Rdf7 37. f4 Rd7 38. Kf2 Kh7 39. Kf3 Rc7 40. g4 b5 41. Rc5 a5 42. d5 Rd6 43. dxc6 Rdxc6 44. Rxc6 Rxc6 45. Rxb5 1-0

[Event "Titled Tuesday intern op 26th Sep Late"]
[Site "Chess.com INT"]
[Date "2023.09.26"]
[Round "2"]
[White "Carrasco Miranda, Andres"]
[Black "Pesotskiy, Mikhail"]
[Result "1-0"]
[WhiteElo "2241"]
[BlackElo "2143"]
[PlyCount "123"]
[EventDate "2023.09.26"]
[EventType "swiss (blitz)"]
[EventRounds "11"]
[EventCountry "USA"]
[SourceTitle "EXT 2024"]
[Source "ChessBase"]
[SourceDate "2023.10.10"]
[SourceVersion "1"]
[SourceVersionDate "2023.10.10"]
[SourceQuality "1"]

1. d4 e6 2. c4 Nf6 3. g3 Bb4+ 4. Nd2 0-0 5. Bg2 c5 6. Ngf3 cxd4 7. Nxd4 Nc6 8. Nc2 Be7 9. 0-0 d5 10. cxd5 Nxd5 11. Ne4 b6 12. Nd4 Bb7 13. Nxc6 Bxc6 14. Bd2 Rc8 15. Nc3 Bf6 16. Nxd5 Bxd5 17. Bxd5 Qxd5 18. Bb4 Rfd8 19. Qxd5 exd5 20. Ba3 Rc2 21. e3 Bxb2 22. Bxb2 Rxb2 23. a4 g6 24. Rfc1 d4 25. Rd1 d3 26. Ra3 d2 27. Kf1 Kg7 28. g4 h5 29. gxh5 gxh5 30. Ke2 Kg6 31. e4 Kg5 32. Rf3 f6 33. Rg1+ Kh6 34. Rxf6+ Kh7 35. Rf7+ Kh8 36. Rd1 a5 37. e5 Rb4 38. Rxd2 Re4+ 39. Kd1 Rxd2+ 40. Kxd2 Rxe5 41. Rb7 Re4 42. Rxb6 Rxa4 43. Rh6+ Kg7 44. Rxh5 Kg6 45. Rb5 Ra2+ 46. Ke3 a4 47. h4 a3 48. Ra5 Ra1 49. Kf4 a2 50. h5+ Kh6 51. f3 Kg7 52. Ra6 Kf7 53. h6 Rh1 54. Ra7+ Kf6 55. Rxa2 Rh4+ 56. Ke3 Rxh6 57. Ra6+ Kg7 58. Rxh6 Kxh6 59. Kf4 Kg6 60. Ke5 Kf7 61. Kf5 Kg7 62. Ke6 1-0

[Event "Titled Tuesday intern op 12th Sep Late"]
[Site "Chess.com INT"]
[Date "2023.09.12"]
[Round "4"]
[White "Rozman, Levy"]
[Black "Pesotskiy, Mikhail"]
[Result "1-0"]
[WhiteElo "2322"]
[BlackElo "2143"]
[PlyCount "41"]
[EventDate "2023.09.12"]
[EventType "swiss (blitz)"]
[EventRounds "11"]
[EventCountry "USA"]
[SourceTitle "EXT 2024"]
[Source "ChessBase"]
[SourceDate "2023.10.10"]
[SourceVersion "1"]
[SourceVersionDate "2023.10.10"]
[SourceQuality "1"]

1. e4 e6 2. b3 d5 3. Bb2 dxe4 4. Nc3 Nf6 5. Qe2 Nbd7 6. 0-0-0 b6 7. g4 h6 8. Bg2 Bb7 9. h4 Be7 10. g5 hxg5 11. hxg5 Rxh1 12. Bxh1 Nd5 13. g6 f5 14. f3 N7f6 15. fxe4 Nxc3 16. dxc3 Qc8 17. Qh2 fxe4 18. Qh8+ Bf8 19. c4 Ke7 20. Qh4 Qe8 21. Bxf6+ 1-0

[Event "Titled Tuesday intern op 12th Sep Late"]
[Site "Chess.com INT"]
[Date "2023.09.12"]
[Round "11"]
[White "Topalov, Aleksandar"]
[Black "Pesotskiy, Mikhail"]
[Result "1-0"]
[WhiteElo "2233"]
[BlackElo "2143"]
[PlyCount "49"]
[EventDate "2023.09.12"]
[EventType "swiss (blitz)"]
[EventRounds "11"]
[EventCountry "USA"]
[SourceTitle "EXT 2024"]
[Source "ChessBase"]
[SourceDate "2023.10.10"]
[SourceVersion "1"]
[SourceVersionDate "2023.10.10"]
[SourceQuality "1"]

1. b3 e5 2. Bb2 Nc6 3. c4 Nf6 4. e3 d5 5. cxd5 Nxd5 6. a3 Be7 7. Qc2 Be6 8. Nf3 f6 9. Be2 0-0 10. 0-0 Qd7 11. d3 Rac8 12. Nbd2 Rfd8 13. Rfd1 Qe8 14. Rac1 Qf7 15. b4 Nb6 16. d4 exd4 17. Nxd4 Nxd4 18. Bxd4 Nd7 19. Bd3 c5 20. bxc5 Nxc5 21. Bxh7+ Kh8 22. Bg6 Qg8 23. Bxc5 Rxc5 24. Qe4 f5 25. Qf3 1-0